| 000 | 00645nam a2200205 a 4500 | ||
|---|---|---|---|
| 005 | 20240426063718.0 | ||
| 008 | 021008s2001 mx r 000 0 spa d | ||
| 020 | _a8483064197 | ||
| 035 | _aUPN01000120002 | ||
| 049 | _aCG | ||
| 050 | 4 |
_aHQ770.4 _bC5.28 |
|
| 100 | 1 | _aClemes, Harris. | |
| 245 | 1 | 0 |
_aCómo inculcar disciplina a sus hijos / _cHarris Clemes, Reynold Bean ; tr. Francisco Páez de la Cadena. |
| 260 |
_aMadrid : _bDebate, _c2001. |
||
| 300 | _a121 p. | ||
| 440 | 0 | _aEscuela de padres | |
| 534 |
_pTraducción de: _tHow to discipline children without feeling guilty |
||
| 650 | 4 |
_aDisciplina de niños _914102 |
|
| 905 | _aLibro | ||
| 999 |
_c92352 _d92352 |
||